| 000 | 00680na a2200253 4500 | ||
|---|---|---|---|
| 001 | 21625 | ||
| 003 | MIRAKIL | ||
| 005 | 20181213154937.0 | ||
| 008 | 170206b tu 000 0 | ||
| 035 | _a21149 | ||
| 040 |
_aMilas _btur _cTR-AnCHP |
||
| 041 | _atur | ||
| 082 |
_a324.236 _bV26 1985 |
||
| 090 | _a324.236 V26 1985 | ||
| 110 | _aVatandaş Partisi (VAP) | ||
| 245 |
_aVatandaş Partisi program taslağı _cVAP |
||
| 260 |
_aİzmir _bVAP _c1985 |
||
| 300 |
_a63 s. _c20 sm. |
||
| 610 |
_aVatandaş Partisi (VAP) _xProgramlar, 1985 |
||
| 650 |
_aLiberal partiler _zTürkiye |
||
| 710 | _aVatandaş Partisi (VAP) | ||
| 830 | _aVatandaş Partisi | ||
| 942 |
_2ddc _cBKS |
||
| 999 |
_c3623 _d3623 |
||